01401nam a2200277 a 450000100100000000500170001000800410002702000150006804000250008308200150010810000440012324500950016726000290026230000190029149000230031050503780033365000290071165000310074070000400077183000290081191000070084004900090084795201250085695201250098199900170110600002557620200930023905.0110216s1995 sp 000 p spa d a8475064434 aDO-SdBNPbspacBNPHU a861.3bQ5p1 aQuevedo, Francisco de,d1580-16459626110aPoesía completa /cFrancisco de Quevedo ; edición y prólogo de José Manuel Blecua. aMadrid :bTurner,c1995. a2 v. ;c23 cm.1 aBiblioteca Castro.1 gv.1tPoemas metafísicos. --Heráclito cristiano. -- Poemas morales. -- Poemas religiosos. -- Poemas líricos. -- Elogios. -- epitafios. -- Tú mulos. -- Poemas amorosos. -- Canta sola a Lisi. --gv.2tPoemas satíricos. -- Sátiras personales. -- Járacas. -- Bailes. --Poemas heroico de las necedades y locuras de Orlando el enamorado. -- La toma de Valles Ronces. 4aPoesía española9631 4aLiteratura española96321 aBlecua, José Manuel ,eed.915074 0aBiblioteca Castro912631 aWM aBNGR 001054708MOaGRbGRcHDd2011-02-17iLF1l0o861.3 Q5p | v.1p25576-10r2020-06-25w2020-06-25y4ZPréstamo en sala 001054708MOaGRbGRcHDd2011-02-17iLF1l0o861.3 Q5p | v.2p25576-20r2020-06-25w2020-06-25y4ZPréstamo en sala c25068d25068